00827nam a2200217I 45000010005000000030008000050050017000130080041000300350018000710400032000890410011001210820026001321000031001582450163001892500116003522600045004683000021005135040020005346500024005547000031005782391BD-RjUL20211208233535.0131211r19641948mau 00110 eng d a(BD-RjUL)2418 aPLFcPLFdBOSdBD-RjULbeng1 aengfre04216a330.109bGIH 196410aGide, Charles,d1847-1932.02aA history of economic doctrines from the time of the physiocrats tothe present day /cby Charles Gide and Charles Rist. Authorized translation by R. Richards. a2d English ed., with additional matter from the latest [6th & 7th] French editions translated by Ernest R. Row. aBoston :bHeath,c1948 [Reprinted 1964]. a800 p. ;c22 cm. aIncludes index. 0aEconomicsxHistory.10aRist, Charles,d1874-1955.